[Event "Kochan Memorial op 25th"]
[Site "Koszalin"]
[Date "2014.08.17"]
[Round "8"]
[White "Los, Kazimierz"]
[Black "Maruszczak, Hanna"]
[Result "0-1"]
[WhiteElo "1375"]
[BlackElo "1072"]
[PlyCount "74"]
[EventDate "2014.08.10"]
[EventType "swiss"]
[EventRounds "9"]
[EventCountry "POL"]
[SourceTitle "CBM 161 Extra"]
[Source "ChessBase"]
[SourceDate "2014.08.29"]
[SourceVersion "1"]
[SourceVersionDate "2014.08.29"]
[SourceQuality "1"]

1. c4 c5 2. Nc3 e5 3. Nf3 Nc6 4. g3 Nf6 5. d3 Be7 6. Bg2 d6 7. Bg5 h6 8. Bxf6 Bxf6 9. 0-0 0-0 10. e3 Be6 11. a3 Qd7 12. Rb1 Rad8 13. Nd5 Be7 14. Qc2 Rfe8 15. Nd2 Bh3 16. b4 Bxg2 17. Kxg2 a6 18. Qd1 b5 19. Qf3 bxc4 20. dxc4 Rb8 21. bxc5 dxc5 22. Ne4 Na5 23. Rbd1 Qa7 24. Qe2 Red8 25. f4 exf4 26. exf4 Bf8 27. f5 Re8 28. Qg4 Kh8 29. f6 g6 30. Nc7 Qxc7 31. Rd7 Rxe4 32. Qh3 Re2+ 33. Kg1 Qe5 34. Rxf7 Qe3+ 35. Kh1 h5 36. Rd7 Qe4+ 37. Kg1 Rbb2 0-1

[Event "Kochan Memorial op 25th"]
[Site "Koszalin"]
[Date "2014.08.16"]
[Round "7"]
[White "Bilczewska, Olga"]
[Black "Los, Kazimierz"]
[Result "1-0"]
[WhiteElo "1268"]
[BlackElo "1375"]
[PlyCount "83"]
[EventDate "2014.08.10"]
[EventType "swiss"]
[EventRounds "9"]
[EventCountry "POL"]
[SourceTitle "CBM 161 Extra"]
[Source "ChessBase"]
[SourceDate "2014.08.29"]
[SourceVersion "1"]
[SourceVersionDate "2014.08.29"]
[SourceQuality "1"]

1. d4 Nf6 2. c4 d6 3. Nc3 g6 4. e4 Nbd7 5. Bd3 e5 6. d5 Bg7 7. Nge2 0-0 8. 0-0 Nc5 9. Bc2 Bg4 10. f3 Bd7 11. b4 Na6 12. a3 Qe7 13. Ng3 Rac8 14. Bg5 h6 15. Be3 Ra8 16. Qd2 Kh7 17. f4 Ng4 18. f5 Nxe3 19. Qxe3 Bf6 20. Nd1 Bg5 21. Qf3 Bf4 22. Ne2 c5 23. b5 Nc7 24. Nxf4 exf4 25. Qxf4 g5 26. Qg3 f6 27. h4 gxh4 28. Qxh4 Qe5 29. Nf2 Qd4 30. Bd3 Bxf5 31. Qf4 Bg6 32. Qxd6 Rf7 33. Qh2 Re8 34. Rad1 Re5 35. Be2 Qe3 36. Bf3 Rd7 37. Rfe1 Qb3 38. Ng4 Kg7 39. Qxh6+ Kf7 40. Nxe5+ fxe5 41. Bh5 Qg3 42. Rf1+ 1-0

[Event "Kochan Memorial op 24th"]
[Site "Koszalin"]
[Date "2013.08.17"]
[Round "9"]
[White "Los, Kazimierz"]
[Black "Ciesielski, Jan"]
[Result "0-1"]
[WhiteElo "1388"]
[BlackElo "1268"]
[PlyCount "62"]
[EventDate "2013.08.10"]
[EventType "swiss"]
[EventRounds "9"]
[EventCountry "POL"]
[SourceTitle "CBM 155 Extra"]
[Source "ChessBase"]
[SourceDate "2013.08.26"]
[SourceVersion "1"]
[SourceVersionDate "2013.08.26"]
[SourceQuality "1"]

1. d4 d5 2. g3 c5 3. Nf3 Nc6 4. Bg2 Bf5 5. a3 e6 6. Nc3 Nf6 7. Bf4 cxd4 8. Nb5 Rc8 9. Be5 Nxe5 10. Nxe5 Bxc2 11. Qxd4 Bc5 12. Qh4 Qa5+ 13. Nc3 d4 14. 0-0 dxc3 15. b4 Bxf2+ 16. Rxf2 Qxe5 17. Bxb7 Rc7 18. Bg2 Bg6 19. Bf3 c2 20. Rc1 Qe3 21. Qf4 Qxf4 22. gxf4 0-0 23. Kg2 Ne4 24. Rff1 Nd2 25. Rf2 Nb3 26. Rff1 Nxc1 27. Rxc1 Rd8 28. e3 Be4 29. Bxe4 Rd1 30. Rxc2 Rxc2+ 31. Bxc2 Rd2+ 0-1

[Event "Kochan Memorial op 24th"]
[Site "Koszalin"]
[Date "2013.08.11"]
[Round "3"]
[White "Los, Kazimierz"]
[Black "Bilczewski, Kacper"]
[Result "0-1"]
[WhiteElo "1388"]
[BlackElo "1807"]
[PlyCount "100"]
[EventDate "2013.08.10"]
[EventType "swiss"]
[EventRounds "9"]
[EventCountry "POL"]
[SourceTitle "CBM 155 Extra"]
[Source "ChessBase"]
[SourceDate "2013.08.26"]
[SourceVersion "1"]
[SourceVersionDate "2013.08.26"]
[SourceQuality "1"]

1. d4 d5 2. Nf3 Nf6 3. g3 e6 4. Bg2 c5 5. Bg5 Nc6 6. c3 Bd6 7. Nbd2 0-0 8. e4 cxd4 9. Nxd4 Nxd4 10. cxd4 dxe4 11. Nxe4 Bb4+ 12. Nc3 h6 13. Be3 Nd5 14. Bxd5 Qxd5 15. 0-0 Qf5 16. f4 b6 17. g4 Qa5 18. Ne4 Bb7 19. Ng3 Qd5 20. Rf2 Be7 21. Qb3 Qc6 22. Rc1 Qd6 23. Qd3 Bh4 24. Qd2 Qd5 25. Rg2 Qxg2+ 26. Qxg2 Bxg2 27. Kxg2 Bxg3 28. Kxg3 Rac8 29. Rc3 b5 30. Rc5 a6 31. a3 Rfd8 32. Kf3 Kf8 33. h4 Rxc5 34. dxc5 Ke7 35. Ke4 g6 36. f5 gxf5+ 37. gxf5 exf5+ 38. Kxf5 Rd5+ 39. Ke4 Ke6 40. Bd4 f5+ 41. Ke3 f4+ 42. Ke4 f3 43. Bf2 Rd2 44. Kxf3 Rxb2 45. c6 Rc2 46. Be1 Rxc6 47. Bb4 Kf5 48. Bf8 h5 49. Bb4 Rc4 50. Be7 a5 0-1